Ética para ser persona / (Registro nro. 68781)
[ vista simple ]
| 000 -LEADER | |
|---|---|
| fixed length control field | 01039aam a2200313 i 4500 |
| 001 - CONTROL NUMBER | |
| control field | 68781 |
| 003 - CONTROL NUMBER IDENTIFIER | |
| control field | Mx-PuUPA |
| 005 - DATE AND TIME OF LATEST TRANSACTION | |
| control field | 20241023160721.0 |
| 008 - FIXED-LENGTH DATA ELEMENTS--GENERAL INFORMATION | |
| fixed length control field | 200318s2013 sp a|||gr|||| 001 0 spa d |
| 020 ## - INTERNATIONAL STANDARD BOOK NUMBER | |
| International Standard Book Number | 9788490230770 |
| 040 ## - CATALOGING SOURCE | |
| Original cataloging agency | Mx-PuUPA |
| Language of cataloging | spa |
| Transcribing agency | Mx-PuUPA |
| Modifying agency | Mx-PuUPA |
| Description conventions | rda |
| 041 0# - LANGUAGE CODE | |
| Language code of text/sound track or separate title | spa |
| 100 1# - MAIN ENTRY--PERSONAL NAME | |
| Personal name | Notario, Luis Miguel, |
| Relator term | autor |
| 9 (RLIN) | 10627 |
| 245 10 - TITLE STATEMENT | |
| Title | Ética para ser persona / |
| Statement of responsibility, etc. | Luis Miguel Notario |
| 264 #1 - PRODUCTION, PUBLICATION, DISTRIBUTION, MANUFACTURE, AND COPYRIGHT NOTICE | |
| Place of production, publication, distribution, manufacture | Madrid : |
| Name of producer, publisher, distributor, manufacturer | Editorial CCS, |
| Date of production, publication, distribution, manufacture, or copyright notice | ©2013 |
| 300 ## - PHYSICAL DESCRIPTION | |
| Extent | 296 páginas : |
| Other physical details | ilustraciones ; |
| Dimensions | 22 cm |
| 336 ## - CONTENT TYPE | |
| Fuente | rdacontent |
| Content type term | texto |
| Content type code | txt |
| 337 ## - MEDIA TYPE | |
| Source | rdamedia |
| Media type term | sin medio |
| Media type code | n |
| 338 ## - CARRIER TYPE | |
| Source | rdacarrier |
| Carrier type term | volumen |
| Carrier type code | nc |
| 490 0# - SERIES STATEMENT | |
| Series statement | Colección educar ; |
| Volume/sequential designation | 71 |
| 650 #7 - SUBJECT ADDED ENTRY--TOPICAL TERM | |
| Topical term or geographic name entry element | Persona (Filosofía) |
| Source of heading or term | armarc |
| 650 #7 - SUBJECT ADDED ENTRY--TOPICAL TERM | |
| Topical term or geographic name entry element | Ética |
| Source of heading or term | armarc |
| 942 ## - ADDED ENTRY ELEMENTS (KOHA) | |
| Source of classification or shelving scheme | Dewey Decimal Classification |
| Koha item type | Libro |
| Classification part | 170 |
| Item part | N895 |
| Withdrawn status | Lost status | Source of classification or shelving scheme | Damaged status | Not for loan | Collection code | Home library | Current library | Shelving location | Date acquired | Source of acquisition | Cost, normal purchase price | Total Checkouts | Full call number | Barcode | Date last seen | Date last checked out | Cost, replacement price | Price effective from | Koha item type | Copy number |
|---|---|---|---|---|---|---|---|---|---|---|---|---|---|---|---|---|---|---|---|---|
| Dewey Decimal Classification | General | Biblioteca Karol Wojtyla | Biblioteca Karol Wojtyla | Sala general | 20/08/2021 | 1 | 855.00 | 1 | 170 N895 2013 | 101153 | 05/01/2026 | 15/04/2024 | 855.00 | 20/08/2021 | Libro | |||||
| Dewey Decimal Classification | General | Biblioteca Karol Wojtyla | Biblioteca Karol Wojtyla | Sala general | 16/04/2024 | 1 | 940.00 | 170 N895 2013 | 102413 | 05/01/2026 | 940.00 | 16/04/2024 | Libro | Ej.3 | ||||||
| Dewey Decimal Classification | General | Biblioteca Karol Wojtyla | Biblioteca Karol Wojtyla | Sala general | 16/04/2024 | 1 | 940.00 | 170 N895 2013 | 102412 | 05/01/2026 | 940.00 | 16/04/2024 | Libro | Ej.2 |